[Event "Hamburg St Pauli op-A"]
[Site "Hamburg"]
[Date "2015.07.22"]
[Round "6"]
[White "Khenkin, Igor"]
[Black "Cuenca Jimenez, Jose Fernando"]
[Result "1/2-1/2"]
[WhiteElo "2590"]
[BlackElo "2510"]
[PlyCount "96"]
[EventDate "2015.07.18"]
[EventType "swiss"]
[EventRounds "9"]
[EventCountry "GER"]
[SourceTitle "EXT 2016"]
[Source "ChessBase"]
[SourceDate "2015.10.08"]
[SourceVersion "1"]
[SourceVersionDate "2015.10.08"]
[SourceQuality "1"]

1. d4 Nf6 2. c4 g6 3. Nc3 Bg7 4. e4 d6 5. Nf3 O-O 6. Be2 e5 7. d5 a5 8. Bg5 h6
9. Be3 Na6 10. Nd2 h5 11. h3 Nh7 12. g4 h4 13. Nf3 f5 14. gxf5 gxf5 15. exf5
Bxf5 16. Qd2 Nb4 17. O-O-O Kh8 18. Rdg1 Bf6 19. Ne1 Qd7 20. Bg4 Rg8 21. a3 Na6
22. Bxf5 Qxf5 23. Qd3 Qxd3 24. Nxd3 Rxg1+ 25. Rxg1 Rg8 26. Rxg8+ Kxg8 27. Ne4
Kf7 28. Kc2 Kg6 29. f3 Kf5 30. Bf2 Bg5 31. b4 axb4 32. axb4 Be7 33. b5 Nb8 34.
b6 cxb6 35. Bxb6 Na6 36. Bf2 Nc7 37. Bxh4 Bxh4 38. Nxd6+ Kf6 39. Nxb7 Ng5 40.
f4 exf4 41. Nxf4 Nxd5 42. Nxd5+ Ke5 43. Nb4 Nxh3 44. c5 Nf4 45. c6 Ne6 46. Kd3
Be7 47. Kc4 Bxb4 48. Kxb4 Kd5 1/2-1/2

[Event "ESP-chT CECLUB Honor"]
[Site "Linares"]
[Date "2015.08.15"]
[Round "1.4"]
[White "Vazquez Igarza, Renier"]
[Black "Cuenca Jimenez, Jose Fernando"]
[Result "1/2-1/2"]
[WhiteElo "2581"]
[BlackElo "2526"]
[PlyCount "201"]
[EventDate "2015.08.15"]
[EventType "team-tourn"]
[EventRounds "7"]
[EventCountry "ESP"]
[SourceTitle "EXT 2016"]
[Source "ChessBase"]
[SourceDate "2015.10.08"]
[SourceVersion "1"]
[SourceVersionDate "2015.10.08"]
[SourceQuality "1"]
[WhiteTeam "Collado Villalba"]
[BlackTeam "Atocha VTI"]
[WhiteTeamCountry "ESP"]
[BlackTeamCountry "ESP"]

1. Nf3 Nf6 2. c4 g6 3. b4 Bg7 4. Bb2 O-O 5. g3 d6 6. Bg2 e5 7. d3 a5 8. b5 e4
9. dxe4 Nxe4 10. Bxg7 Kxg7 11. Nbd2 Nc5 12. Nb3 Nbd7 13. O-O a4 14. Nxc5 Nxc5
15. Ne1 Be6 16. Rc1 Qf6 17. Nd3 Rfd8 18. Qd2 Rac8 19. Rfd1 b6 20. Nb4 h5 21.
Rc3 Kh7 22. Rf3 Qg7 23. Rf4 Re8 24. h3 f5 25. Qc2 Bf7 26. Rfd4 Ne6 27. R4d2 Nc5
28. e3 Qg8 29. Rc1 Qg7 30. h4 Re5 31. Nc6 Ree8 32. Nd4 Kh8 33. Rdd1 Re7 34. Nf3
Bg8 35. Ng5 Qf6 36. Rd4 Rf8 37. Qd2 Kg7 38. Bc6 Qe5 39. Kg2 Qf6 40. Kg1 Qe5 41.
Bd5 Qf6 42. Nh3 Re5 43. Nf4 Rfe8 44. Nd3 Bxd5 45. cxd5 Re4 46. Nf4 R4e7 47.
Rdc4 Kg8 48. Ne6 Nxe6 49. dxe6 Rc8 50. Rxa4 Qxe6 51. Rac4 Qf7 52. Qc2 Re5 53.
Rxc7 Rxc7 54. Qxc7 Qxc7 55. Rxc7 Rxb5 56. Rc6 Kf7 57. Rxd6 Rb2 58. a4 Rb4 59.
Kg2 Rxa4 60. Rxb6 Rc4 61. Rd6 Rb4 62. Kf3 Ra4 63. Rd4 Ra2 64. Rb4 Rc2 65. Rf4
Ke6 66. e4 Rc3+ 67. Kg2 fxe4 68. Rxe4+ Kf6 69. Rf4+ Kg7 70. Rf3 Rc2 71. Rd3 Ra2
72. Kf3 Kf6 73. Ke3 Rb2 74. Rd6+ Kf5 75. Rd5+ Kf6 76. f3 Rb4 77. Rd4 Rb5 78.
Rf4+ Kg7 79. Rc4 Kf6 80. Ke4 Re5+ 81. Kd4 Re1 82. Rc6+ Kf5 83. Rc4 Rg1 84. Ke3
Re1+ 85. Kf2 Ra1 86. g4+ hxg4 87. Rxg4 Rb1 88. Rg5+ Kf6 89. Kg3 Rg1+ 90. Kf4
Rh1 91. Rg4 Rxh4 92. Rxh4 g5+ 93. Kg4 gxh4 94. Kxh4 Kf5 95. Kg3 Kg5 96. f4+ Kf5
97. Kf3 Kf6 98. Ke4 Ke6 99. f5+ Kf6 100. Kf4 Kf7 101. Ke4 1/2-1/2

[Event "ESP-chT CECLUB Honor"]
[Site "Linares"]
[Date "2015.08.16"]
[Round "2.1"]
[White "Franco Alonso, Alejandro"]
[Black "Cuenca Jimenez, Jose Fernando"]
[Result "1/2-1/2"]
[WhiteElo "2459"]
[BlackElo "2526"]
[PlyCount "81"]
[EventDate "2015.08.15"]
[EventType "team-tourn"]
[EventRounds "7"]
[EventCountry "ESP"]
[SourceTitle "EXT 2016"]
[Source "ChessBase"]
[SourceDate "2015.10.08"]
[SourceVersion "1"]
[SourceVersionDate "2015.10.08"]
[SourceQuality "1"]
[WhiteTeam "Taldea Gros Xake"]
[BlackTeam "Atocha VTI"]
[WhiteTeamCountry "ESP"]
[BlackTeamCountry "ESP"]

1. Nf3 Nf6 2. c4 g6 3. Nc3 Bg7 4. e4 d6 5. d4 O-O 6. Be3 e5 7. dxe5 dxe5 8.
Qxd8 Rxd8 9. Nd5 Nxd5 10. cxd5 c6 11. Bc4 b5 12. Bb3 Bb7 13. Rc1 Rd7 14. O-O
cxd5 15. Bxd5 Na6 16. Bxb7 Rxb7 17. Rfd1 Re8 18. Ne1 Bf8 19. Kf1 Kg7 20. Ke2 f6
21. f3 Kf7 22. Nd3 Nc7 23. Nc5 Bxc5 24. Rxc5 Ne6 25. Rc6 Nf4+ 26. Kf1 Re6 27.
Rdd6 Rxd6 28. Rxd6 Rc7 29. g3 Ne6 30. Ra6 Nd4 31. Bxd4 exd4 32. Ke2 Rc2+ 33.
Kd3 Rxh2 34. Rxa7+ Ke6 35. Ra6+ Ke7 36. b3 h5 37. Kxd4 Rg2 38. Ra7+ Ke6 39.
Ra6+ Ke7 40. Ra7+ Ke6 41. Ra6+ 1/2-1/2

[Event "ESP-chT CECLUB Honor"]
[Site "Linares"]
[Date "2015.08.17"]
[Round "3.4"]
[White "Cuenca Jimenez, Jose Fernando"]
[Black "Saric, Ivan"]
[Result "0-1"]
[WhiteElo "2526"]
[BlackElo "2661"]
[PlyCount "92"]
[EventDate "2015.08.15"]
[EventType "team-tourn"]
[EventRounds "7"]
[EventCountry "ESP"]
[SourceTitle "EXT 2016"]
[Source "ChessBase"]
[SourceDate "2015.10.08"]
[SourceVersion "1"]
[SourceVersionDate "2015.10.08"]
[SourceQuality "1"]
[WhiteTeam "Atocha VTI"]
[BlackTeam "Merida Patrimonio Humanidad"]
[WhiteTeamCountry "ESP"]
[BlackTeamCountry "ESP"]

1. e4 c5 2. Nf3 d6 3. d4 cxd4 4. Nxd4 Nf6 5. Nc3 a6 6. h3 e6 7. g4 Be7 8. Be3
b5 9. g5 Nfd7 10. h4 Bb7 11. Bg2 Nc6 12. O-O Nde5 13. Nxc6 Bxc6 14. b3 Ng6 15.
Qg4 h6 16. f4 hxg5 17. hxg5 Nh4 18. Bh1 Qa5 19. Ne2 Nf5 20. Bf2 Rxh1+ 21. Kxh1
Bxe4+ 22. Kg1 Kd7 23. Qh3 Rc8 24. c3 Qc7 25. Nd4 d5 26. Nxf5 Bxf5 27. Qg3 Rh8
28. Bd4 Rh3 29. Qg2 Rh4 30. Rf3 Rg4 31. Rg3 Rxf4 32. Rf1 Be4 33. Qh3 Rxf1+ 34.
Kxf1 Qf4+ 35. Ke2 Qc1 36. Qf1 Qc2+ 37. Ke3 Bf5 38. Qe2 Qe4+ 39. Kd2 Qb1 40. b4
Bd6 41. Rf3 Qxa2+ 42. Ke3 Qxe2+ 43. Kxe2 Bg4 44. Bxg7 Be7 45. Bh6 d4 46. cxd4
Bxb4 0-1

[Event "ESP-chT CECLUB Honor"]
[Site "Linares"]
[Date "2015.08.18"]
[Round "4.2"]
[White "Svetushkin, Dmitry"]
[Black "Cuenca Jimenez, Jose Fernando"]
[Result "1-0"]
[WhiteElo "2580"]
[BlackElo "2526"]
[PlyCount "53"]
[EventDate "2015.08.15"]
[EventType "team-tourn"]
[EventRounds "7"]
[EventCountry "ESP"]
[SourceTitle "EXT 2016"]
[Source "ChessBase"]
[SourceDate "2015.10.08"]
[SourceVersion "1"]
[SourceVersionDate "2015.10.08"]
[SourceQuality "1"]
[WhiteTeam "Extremadura Magic"]
[BlackTeam "Atocha VTI"]
[WhiteTeamCountry "ESP"]
[BlackTeamCountry "ESP"]

1. e4 e5 2. Nf3 Nc6 3. Bb5 Nf6 4. d3 Bc5 5. Nbd2 O-O 6. Bxc6 dxc6 7. Nc4 Nd7 8.
O-O Re8 9. a4 f6 10. Bd2 Nf8 11. b4 Bd6 12. b5 c5 13. Nh4 Ne6 14. Nf5 Nd4 15.
g4 Ne6 16. Kh1 Bf8 17. Rg1 Nf4 18. Qf3 g6 19. Bxf4 exf4 20. Qxf4 gxf5 21. gxf5+
Bg7 22. Rg3 Kh8 23. Rag1 Rg8 24. Ne3 Bd7 25. Qh4 Qf8 26. Nd5 Be8 27. Nxf6 1-0

[Event "ESP-chT CECLUB Honor"]
[Site "Linares"]
[Date "2015.08.20"]
[Round "6.3"]
[White "Narciso Dublan, Marc"]
[Black "Cuenca Jimenez, Jose Fernando"]
[Result "0-1"]
[WhiteElo "2532"]
[BlackElo "2526"]
[PlyCount "75"]
[EventDate "2015.08.15"]
[EventType "team-tourn"]
[EventRounds "7"]
[EventCountry "ESP"]
[SourceTitle "EXT 2016"]
[Source "ChessBase"]
[SourceDate "2015.10.08"]
[SourceVersion "1"]
[SourceVersionDate "2015.10.08"]
[SourceQuality "1"]
[WhiteTeam "Barcelona Escola Escacs"]
[BlackTeam "Atocha VTI"]
[WhiteTeamCountry "ESP"]
[BlackTeamCountry "ESP"]

1. d4 Nf6 2. c4 c5 3. d5 b5 4. cxb5 a6 5. bxa6 g6 6. Nc3 Bg7 7. e4 O-O 8. e5
Ne8 9. Nf3 d6 10. exd6 Nxd6 11. Be2 Nxa6 12. O-O Bb7 13. Re1 Nc7 14. Bg5 Bxc3
15. bxc3 Nxd5 16. Qc2 Nf6 17. Ne5 Qc7 18. Nc4 Be4 19. Bd3 Bxd3 20. Qxd3 Rfd8
21. Bxf6 exf6 22. Ne3 Nf5 23. Nd5 Qd6 24. c4 Kg7 25. Qc3 Nd4 26. a4 Rdb8 27.
Ra2 Rb3 28. Qa1 Ra5 29. h3 Qa6 30. Nc7 Qxc4 31. Ne8+ Kh8 32. Nxf6 Rb4 33. Ng4
Rbxa4 34. Re8+ Kg7 35. Qe1 Nc6 36. Qd2 Nb8 37. Qd1 Ra8 38. Ra1 0-1

[Event "ESP-ch rapid"]
[Site "Linares"]
[Date "2015.08.22"]
[Round "4"]
[White "Barrenechea Bahamonde, Gustavo"]
[Black "Cuenca Jimenez, Jose Fernando"]
[Result "0-1"]
[WhiteElo "2142"]
[BlackElo "2526"]
[PlyCount "46"]
[EventDate "2015.08.22"]
[EventType "swiss (rapid)"]
[EventRounds "9"]
[EventCountry "ESP"]
[SourceTitle "EXT 2016"]
[Source "ChessBase"]
[SourceDate "2015.10.08"]
[SourceVersion "1"]
[SourceVersionDate "2015.10.08"]
[SourceQuality "1"]

1. e4 d6 2. d4 Nf6 3. Bd3 e5 4. c3 Nc6 5. Nf3 Bg4 6. Be3 Be7 7. h3 Bh5 8. O-O
O-O 9. Nbd2 d5 10. exd5 Nxd5 11. Qc2 exd4 12. Nxd4 Nxe3 13. fxe3 Bg6 14. Bxg6
hxg6 15. Nxc6 bxc6 16. Nf3 Bc5 17. Nd4 Qd5 18. Rad1 Qxa2 19. c4 Qa6 20. Rf3
Rae8 21. Rdf1 Rxe3 22. Rxf7 Rxf7 23. Rxf7 Bxd4 0-1

[Event "ESP-ch rapid"]
[Site "Linares"]
[Date "2015.08.22"]
[Round "5"]
[White "Cuenca Jimenez, Jose Fernando"]
[Black "Ladron de Guevara Pinto, Paolo"]
[Result "0-1"]
[WhiteElo "2526"]
[BlackElo "2320"]
[PlyCount "118"]
[EventDate "2015.08.22"]
[EventType "swiss (rapid)"]
[EventRounds "9"]
[EventCountry "ESP"]
[SourceTitle "EXT 2016"]
[Source "ChessBase"]
[SourceDate "2015.10.08"]
[SourceVersion "1"]
[SourceVersionDate "2015.10.08"]
[SourceQuality "1"]

1. Nf3 Nf6 2. c4 e6 3. g3 d5 4. b3 Be7 5. Bg2 a5 6. Nc3 d4 7. Na4 O-O 8. O-O c5
9. Ba3 Qc7 10. e3 e5 11. exd4 exd4 12. Re1 Bd6 13. d3 Na6 14. Ng5 Bd7 15. Ne4
Nxe4 16. Bxe4 Rad8 17. Qf3 b6 18. Re2 Nb4 19. Bxb4 axb4 20. Nb2 Kh8 21. a3 f5
22. Bd5 bxa3 23. Rxa3 Rde8 24. Rxe8 Rxe8 25. Ra1 g6 26. Kg2 Kg7 27. Ra8 Rxa8
28. Bxa8 h5 29. Qe2 f4 30. Bf3 fxg3 31. fxg3 h4 32. gxh4 Qd8 33. h5 gxh5 34.
Bxh5 Qh4 35. Kh1 Bxh2 36. Qg2+ Bg3+ 37. Kg1 Bh3 38. Qb7+ Kh6 39. Qf7 Qxh5 40.
Qf6+ Qg6 41. Qh8+ Qh7 42. Qf6+ Kh5 43. Qf3+ Kh4 44. Nd1 Qg6 45. Kh1 Qf5 46. Qe2
Bg4 47. Qe7+ Qg5 48. Qh7+ Bh5 49. Qe4+ Qg4 50. Qe7+ Kh3 51. Kg1 Qg5 52. Qb7 Qh4
53. Qf3 Qg5 54. Qb7 Qh4 55. Qf3 Qg5 56. Nb2 Qf6 57. Nd1 Qd8 58. Nb2 Qf6 59. Qd1
Qd8 0-1

[Event "ESP-ch rapid"]
[Site "Linares"]
[Date "2015.08.22"]
[Round "6"]
[White "Ruiz Casado, Francisco Javier"]
[Black "Cuenca Jimenez, Jose Fernando"]
[Result "0-1"]
[WhiteElo "1973"]
[BlackElo "2526"]
[PlyCount "110"]
[EventDate "2015.08.22"]
[EventType "swiss (rapid)"]
[EventRounds "9"]
[EventCountry "ESP"]
[SourceTitle "EXT 2016"]
[Source "ChessBase"]
[SourceDate "2015.10.08"]
[SourceVersion "1"]
[SourceVersionDate "2015.10.08"]
[SourceQuality "1"]

1. e4 d6 2. Nc3 e5 3. Nf3 Nf6 4. d4 Nbd7 5. Bc4 Be7 6. a4 O-O 7. O-O c6 8. Ba2
b6 9. h3 a6 10. Be3 Rb8 11. Qd3 b5 12. a5 b4 13. Ne2 exd4 14. Bxd4 Rb5 15. Ng3
Nc5 16. Bxc5 Rxc5 17. Nd4 g6 18. Bc4 Nd7 19. f4 Bf6 20. Nb3 Bxb2 21. Rab1 Bc3
22. Nxc5 Nxc5 23. Qf3 Qxa5 24. Kh1 Nd7 25. Rbd1 Qc5 26. Bb3 Nb6 27. f5 Nd7 28.
Qg4 Ne5 29. Qh4 Qe3 30. Kh2 c5 31. fxg6 hxg6 32. Bd5 Bd2 33. Rf6 Qg5 34. Qxg5
Bxg5 35. Rxd6 Bf4 36. Rb6 Kg7 37. Rf1 Be3 38. Rb8 Rh8 39. Ne2 a5 40. Ra8 Ng4+
41. Kh1 Nf6 42. Rxa5 Nxd5 43. exd5 Bf5 44. Rf3 Re8 45. Ng3 Bxc2 46. Ra7 Bd4 47.
Rfxf7+ Kg8 48. Kh2 b3 49. Rfb7 b2 50. d6 b1=Q 51. Rxb1 Bxb1 52. Rc7 Rd8 53. d7
Kf7 54. Ne2 Be5+ 55. Ng3 Bc2 0-1

[Event "ESP-ch rapid"]
[Site "Linares"]
[Date "2015.08.22"]
[Round "7"]
[White "Cuenca Jimenez, Jose Fernando"]
[Black "Ibanez Aullana, Jose Ramon"]
[Result "1-0"]
[WhiteElo "2526"]
[BlackElo "2316"]
[PlyCount "103"]
[EventDate "2015.08.22"]
[EventType "swiss (rapid)"]
[EventRounds "9"]
[EventCountry "ESP"]
[SourceTitle "EXT 2016"]
[Source "ChessBase"]
[SourceDate "2015.10.08"]
[SourceVersion "1"]
[SourceVersionDate "2015.10.08"]
[SourceQuality "1"]

1. e4 Nf6 2. e5 Nd5 3. d4 d6 4. c4 Nb6 5. exd6 cxd6 6. Nc3 g6 7. h3 Bg7 8. Nf3
O-O 9. Be2 Nc6 10. O-O e5 11. Bg5 f6 12. Be3 f5 13. Bg5 Bf6 14. Bxf6 Qxf6 15.
dxe5 Nxe5 16. Nxe5 dxe5 17. c5 Nd7 18. Nd5 Qd8 19. Bc4 Kg7 20. Qe2 Re8 21. b4
Nf6 22. Rfd1 Nxd5 23. Rxd5 Qf6 24. Rd6 Be6 25. Rad1 a6 26. a4 Re7 27. b5 Bxc4
28. Qxc4 Qf7 29. Qc3 axb5 30. axb5 f4 31. c6 bxc6 32. bxc6 Kh6 33. Rd7 Rc8 34.
Qb4 Rxd7 35. Rxd7 Qe6 36. Rd6 Qe8 37. Qb7 Rb8 38. Qc7 Rc8 39. Qb6 Rb8 40. Qc5
Rc8 41. Rd7 Qe6 42. Rd6 Qe8 43. Kh2 Rc7 44. Qd5 Re7 45. Rd7 Rxd7 46. cxd7 Qd8
47. Qe6 f3 48. gxf3 Qh4 49. Kg2 Qg5+ 50. Qg4 Qd8 51. h4 Qe7 52. Qg5+ 1-0

[Event "ESP-ch rapid"]
[Site "Linares"]
[Date "2015.08.22"]
[Round "8"]
[White "Rubio Mejia, Luis Ignacio"]
[Black "Cuenca Jimenez, Jose Fernando"]
[Result "1-0"]
[WhiteElo "2458"]
[BlackElo "2526"]
[PlyCount "68"]
[EventDate "2015.08.22"]
[EventType "swiss (rapid)"]
[EventRounds "9"]
[EventCountry "ESP"]
[SourceTitle "EXT 2016"]
[Source "ChessBase"]
[SourceDate "2015.10.08"]
[SourceVersion "1"]
[SourceVersionDate "2015.10.08"]
[SourceQuality "1"]

1. d4 Nf6 2. c4 g6 3. Nc3 Bg7 4. e4 d6 5. Nf3 O-O 6. h3 e5 7. d5 Nh5 8. g3 Na6
9. Be3 Nc5 10. Nd2 a5 11. Be2 Qe8 12. Bxc5 dxc5 13. Bxh5 gxh5 14. Qxh5 Ra6 15.
Qe2 Bh6 16. g4 Bf4 17. Nf1 a4 18. Ng3 Bd7 19. Rd1 Qe7 20. Nf5 Qf6 21. Nb5 Qb6
22. d6 c6 23. Nc7 Qb4+ 24. Kf1 Rb6 25. g5 Qxb2 26. Qh5 Qc2 27. Ne7+ Kh8 28. g6
Qxc4+ 29. Kg1 h6 30. gxf7 Qxf7 31. Ng6+ Kg7 32. Nxf4 Qxf4 33. Rh2 Qg5+ 34. Rg2
Rf7 1-0

[Event "ESP-ch rapid"]
[Site "Linares"]
[Date "2015.08.22"]
[Round "9"]
[White "Cuenca Jimenez, Jose Fernando"]
[Black "Nuevo Perez, Antonio"]
[Result "1-0"]
[WhiteElo "2526"]
[BlackElo "2178"]
[PlyCount "60"]
[EventDate "2015.08.22"]
[EventType "swiss (rapid)"]
[EventRounds "9"]
[EventCountry "ESP"]
[SourceTitle "EXT 2016"]
[Source "ChessBase"]
[SourceDate "2015.10.08"]
[SourceVersion "1"]
[SourceVersionDate "2015.10.08"]
[SourceQuality "1"]

1. e4 e5 2. Nf3 Nc6 3. Bb5 f5 4. Nc3 fxe4 5. Nxe4 Nf6 6. Nxf6+ Qxf6 7. Qe2 Be7
8. Bxc6 dxc6 9. Qxe5 Bg4 10. Qxf6 Bxf6 11. O-O O-O 12. d3 Bxf3 13. gxf3 Bd4 14.
Be3 Rad8 15. Kg2 Bxb2 16. Rab1 Be5 17. Rxb7 Rd6 18. f4 Rg6+ 19. Kf3 Rh6 20.
Rxa7 Rxh2 21. Kg3 Rh6 22. fxe5 Rg6+ 23. Kh4 h6 24. Ra4 Kh7 25. Rg4 Re6 26. f4
g5+ 27. Kh3 Rg6 28. f5 Rgg8 29. e6 Ra8 30. Bc5 Rh8 1-0

[Event "ESP-ch 80th"]
[Site "Linares"]
[Date "2015.08.23"]
[Round "1"]
[White "Cuenca Jimenez, Jose Fernando"]
[Black "Martinez Piqueras, Carlos Gustavo"]
[Result "1-0"]
[WhiteElo "2526"]
[BlackElo "2141"]
[PlyCount "94"]
[EventDate "2015.08.23"]
[EventType "swiss"]
[EventRounds "9"]
[EventCountry "ESP"]
[SourceTitle "EXT 2016"]
[Source "ChessBase"]
[SourceDate "2015.10.08"]
[SourceVersion "1"]
[SourceVersionDate "2015.10.08"]
[SourceQuality "1"]

1. e4 c5 2. Nf3 Nc6 3. d4 cxd4 4. Nxd4 Nf6 5. Nc3 e5 6. Ndb5 d6 7. Bg5 a6 8.
Na3 b5 9. Bxf6 gxf6 10. Nd5 Bg7 11. g3 f5 12. Bg2 fxe4 13. Bxe4 Be6 14. Qh5 Rc8
15. O-O Ne7 16. Nxe7 Qxe7 17. Rad1 b4 18. Nb1 h6 19. c3 a5 20. cxb4 axb4 21. a3
bxa3 22. Nxa3 Qd7 23. Qf3 O-O 24. Rd2 f5 25. Bd5 e4 26. Qb3 Bxd5 27. Qxd5+ Qf7
28. Qxf7+ Rxf7 29. Nb5 Be5 30. Nxd6 Bxd6 31. Rxd6 Rc2 32. Rxh6 Rxb2 33. Rh4 Rd7
34. Rf4 Rd5 35. Re1 Kg7 36. g4 fxg4 37. Rexe4 Kh6 38. Rxg4 Rdd2 39. Ref4 Ra2
40. Rf8 Kh7 41. Kg2 Ra3 42. Rg3 Ra4 43. Rf5 Kh6 44. h3 Rb4 45. Rg4 Rb3 46. Rff4
Rd8 47. Rg3 Ra8 1-0

[Event "ESP-ch 80th"]
[Site "Linares"]
[Date "2015.08.24"]
[Round "2"]
[White "Ibanez Aullana, Jose Ramon"]
[Black "Cuenca Jimenez, Jose Fernando"]
[Result "0-1"]
[WhiteElo "2316"]
[BlackElo "2526"]
[PlyCount "92"]
[EventDate "2015.08.23"]
[EventType "swiss"]
[EventRounds "9"]
[EventCountry "ESP"]
[SourceTitle "EXT 2016"]
[Source "ChessBase"]
[SourceDate "2015.10.08"]
[SourceVersion "1"]
[SourceVersionDate "2015.10.08"]
[SourceQuality "1"]

1. Nf3 Nf6 2. c4 g6 3. d4 Bg7 4. g3 O-O 5. Bg2 d6 6. O-O Nc6 7. Nc3 a6 8. h3
Bd7 9. Bf4 Re8 10. Rc1 h6 11. d5 Na5 12. Nd2 c5 13. dxc6 Nxc6 14. Nd5 Rb8 15.
Nxf6+ Bxf6 16. b3 Bg7 17. Ne4 Qa5 18. a4 Rbd8 19. Bd2 Qc7 20. Bc3 Be6 21. Bxg7
Kxg7 22. Nc3 Qb6 23. Kh2 Qd4 24. Qe1 Rc8 25. Nd5 Bxd5 26. Bxd5 Rb8 27. e3 Qe5
28. Qd2 a5 29. Bg2 Rec8 30. h4 Nb4 31. Qd4 Na6 32. Rc3 Nc5 33. f4 Qf6 34. g4 e5
35. g5 hxg5 36. hxg5 Rh8+ 37. Kg1 exd4 38. gxf6+ Kxf6 39. exd4 Ne6 40. d5 Nc5
41. f5 gxf5 42. Bh3 Rbg8+ 43. Kh2 Rg5 44. Rcf3 Rhh5 45. Re1 Nd7 46. b4 axb4 0-1

[Event "ESP-ch 80th"]
[Site "Linares"]
[Date "2015.08.25"]
[Round "3"]
[White "Cuenca Jimenez, Jose Fernando"]
[Black "Quintin Navarro, Alberto"]
[Result "1-0"]
[WhiteElo "2526"]
[BlackElo "2363"]
[PlyCount "113"]
[EventDate "2015.08.23"]
[EventType "swiss"]
[EventRounds "9"]
[EventCountry "ESP"]
[SourceTitle "EXT 2016"]
[Source "ChessBase"]
[SourceDate "2015.10.08"]
[SourceVersion "1"]
[SourceVersionDate "2015.10.08"]
[SourceQuality "1"]

1. Nf3 Nf6 2. c4 g6 3. d4 Bg7 4. g3 O-O 5. Bg2 d6 6. O-O Nc6 7. Nc3 a6 8. Bf4
Rb8 9. Rc1 h6 10. h3 Bd7 11. d5 Na5 12. b3 c5 13. dxc6 Nxc6 14. Nd5 e5 15. Be3
Nxd5 16. Qxd5 Be6 17. Qd2 d5 18. cxd5 Bxd5 19. Bxh6 Bxf3 20. exf3 Nd4 21. Bg5
Bf6 22. Be3 Qb6 23. f4 exf4 24. Bxf4 Rbc8 25. Kh1 Qb5 26. Be3 Rcd8 27. Bxd4
Bxd4 28. Qf4 b6 29. Rfe1 Rfe8 30. Rxe8+ Qxe8 31. Rd1 Bf6 32. Bd5 Kg7 33. Qf3
Qe5 34. Kg2 a5 35. h4 Rd7 36. Qd3 Rd6 37. a4 Rd7 38. Qf3 Bd8 39. Rd2 Bf6 40.
Rd3 Bd8 41. Bc4 Qe7 42. Re3 Qf6 43. Qg4 Qd4 44. Qxd4+ Rxd4 45. f4 Kf6 46. Re2
Bc7 47. Kf3 Rd1 48. Rh2 Kg7 49. h5 gxh5 50. Rxh5 f6 51. Kg4 Kg6 52. Be6 Bd6 53.
Bf5+ Kf7 54. Rh7+ Kg8 55. Rd7 Rd2 56. Be6+ Kh8 57. Kf5 1-0

[Event "ESP-ch 80th"]
[Site "Linares"]
[Date "2015.08.26"]
[Round "4"]
[White "Vallejo Pons, Francisco"]
[Black "Cuenca Jimenez, Jose Fernando"]
[Result "1/2-1/2"]
[WhiteElo "2686"]
[BlackElo "2526"]
[PlyCount "61"]
[EventDate "2015.08.23"]
[EventType "swiss"]
[EventRounds "9"]
[EventCountry "ESP"]
[SourceTitle "EXT 2016"]
[Source "ChessBase"]
[SourceDate "2015.10.08"]
[SourceVersion "1"]
[SourceVersionDate "2015.10.08"]
[SourceQuality "1"]

1. e4 e5 2. Nf3 Nc6 3. d4 exd4 4. Nxd4 g6 5. Nc3 Bg7 6. Be3 Nf6 7. g3 O-O 8.
Bg2 Ne5 9. O-O Nc4 10. Bc1 c6 11. b3 Nb6 12. Ba3 d6 13. Nde2 c5 14. e5 dxe5 15.
Bxc5 Re8 16. Nb5 e4 17. Qxd8 Rxd8 18. c4 Bg4 19. Nec3 Nfd7 20. Bd4 Bxd4 21.
Nxd4 Ne5 22. Ndb5 f5 23. h3 Bf3 24. Bxf3 Nxf3+ 25. Kg2 a6 26. Nc7 Rac8 27. N7d5
Nxd5 28. Nxd5 Kf7 29. Rfd1 Rd6 30. a4 Ne5 31. Kf1 1/2-1/2

[Event "ESP-ch 80th"]
[Site "Linares"]
[Date "2015.08.27"]
[Round "5"]
[White "Cuenca Jimenez, Jose Fernando"]
[Black "Anton Guijarro, David"]
[Result "0-1"]
[WhiteElo "2526"]
[BlackElo "2635"]
[PlyCount "72"]
[EventDate "2015.08.23"]
[EventType "swiss"]
[EventRounds "9"]
[EventCountry "ESP"]
[SourceTitle "EXT 2016"]
[Source "ChessBase"]
[SourceDate "2015.10.08"]
[SourceVersion "1"]
[SourceVersionDate "2015.10.08"]
[SourceQuality "1"]

1. c4 f5 2. g3 Nf6 3. Bg2 g6 4. Nc3 Bg7 5. d3 O-O 6. e4 fxe4 7. dxe4 d6 8. Nge2
c5 9. O-O Nc6 10. h3 a6 11. f4 Rb8 12. Be3 Bd7 13. a4 Ne8 14. g4 Nc7 15. f5 Ne5
16. b3 b5 17. axb5 axb5 18. cxb5 Nxb5 19. Qd2 Nxc3 20. Nxc3 Bc6 21. Ra3 Qd7 22.
Nd5 e6 23. fxe6 Rxf1+ 24. Kxf1 Qxe6 25. Kg1 Qf7 26. Qf2 Bxd5 27. exd5 Qb7 28.
Qf4 c4 29. bxc4 Qb1+ 30. Kh2 Rf8 31. Qe4 Nf3+ 32. Bxf3 Qb2+ 33. Kg1 Qxa3 34. c5
dxc5 35. d6 Qxe3+ 36. Qxe3 Bd4 0-1

[Event "ESP-ch 80th"]
[Site "Linares"]
[Date "2015.08.28"]
[Round "6"]
[White "Cuenca Jimenez, Jose Fernando"]
[Black "Martinez Lopez, David"]
[Result "1/2-1/2"]
[WhiteElo "2526"]
[BlackElo "2305"]
[PlyCount "139"]
[EventDate "2015.08.23"]
[EventType "swiss"]
[EventRounds "9"]
[EventCountry "ESP"]
[SourceTitle "EXT 2016"]
[Source "ChessBase"]
[SourceDate "2015.10.08"]
[SourceVersion "1"]
[SourceVersionDate "2015.10.08"]
[SourceQuality "1"]

1. d4 Nf6 2. c4 e6 3. Nc3 Bb4 4. Qc2 d6 5. Bg5 Nbd7 6. e3 b6 7. Bd3 Bb7 8. f3
h6 9. Bh4 c5 10. a3 Bxc3+ 11. bxc3 O-O 12. Ne2 Rc8 13. Qa4 Qc7 14. O-O Rfe8 15.
Rab1 Bc6 16. Qc2 Bb7 17. Qd2 Ba6 18. Rbc1 Qc6 19. Qd1 b5 20. cxb5 Bxb5 21. c4
Ba6 22. Kh1 cxd4 23. exd4 Qa8 24. Qa4 Bb7 25. Nc3 Rc6 26. d5 Ra6 27. Qd1 exd5
28. cxd5 Ra5 29. Nb5 Qb8 30. Be1 Ra6 31. Nc7 Rxe1 32. Rxe1 Rxa3 33. Nb5 Ra5 34.
Ra1 Rxa1 35. Qxa1 a6 36. Nc3 Qc7 37. Rc1 Nc5 38. Na4 Bxd5 39. Nxc5 dxc5 40.
Qxa6 c4 41. Bxc4 Bxc4 42. Qxc4 Qxc4 43. Rxc4 Kh7 44. Rc6 Nd5 45. Rd6 Nf4 46. g3
Ng6 47. Kg2 f6 48. f4 Ne7 49. Rd7 Nf5 50. g4 Nh4+ 51. Kg3 Ng6 52. h4 Nf8 53.
Re7 Ng6 54. Re8 Nh8 55. h5 Nf7 56. Rf8 Nd6 57. Kf3 Nb7 58. Ke3 Nc5 59. Re8 Nb7
60. Kd4 Nd6 61. Rb8 f5 62. g5 hxg5 63. fxg5 Ne4 64. g6+ Kh6 65. Rh8+ Kg5 66.
Ke5 Nf6 67. Ke6 Nxh5 68. Kf7 f4 69. Ra8 f3 70. Ra2 1/2-1/2